000 02938cam a22005414i 4500
003 PE-LiUPU
005 20250731184511.0
008 150617s1962 sp r 000 0 spa d
035 _a(Sirsi) a16380
040 _aPE-LiUPU
_bspa
_cPE-LiUPU
_dPE-LiUPU
_erda
049 _aPRUA
082 0 4 _a985.001
_bR616e
_221
100 1 _aRiva-Agüero y Osma, José de la,
_d1885-1944.
_eautor
_92249
245 1 0 _aEstudios de la literatura peruana :
_bCarácter de la literatura del Perú independiente /
_cJosé de la Riva-Agüero ; introducción general de Víctor Andrés Belaunde ; prólogo de José Jiménez Borja ; notas de César Pacheco Vélez y Enrique Carrión Ordoñez con un ensayo crítico de D. Miguel de Unamuno.
264 1 _aLima :
_bPontificia Universidad Católica del Perú,
_c1962.
300 _a384 páginas ;
_bfacsímiles, retratos ;
_c22 centímetros.
336 _atext
_2rdacontent
337 _aunmediated
_2rdamedia
338 _avolume
_2rdacarrier
490 0 _a(Obras completas de José de la Riva-Agüero ;
_vI)
490 0 _a(Publicaciones del Instituto Riva-Agüero ;
_v40)
504 _aIncluye referencias bibliográficas.
505 0 _aCarácter literario de los peruanos -- Sus factores -- Limitación en la literatura peruana -- Literatura peruana colonial -- Melgar -- Olmedo -- Larriva -- Valdés -- Prosistas de los primeros años de la Independencia -- Don José María del Pando -- Influencia de Mora -- Don Felipe Pardo y Aliaga -- Don José Pardo y Aliaga -- Don Manuel A. Segura -- El romanticismo en el Perú -- Fernando Velarde -- Corpancho -- García -- Salaverry -- Althaus -- Márquez -- Cisneros -- Carrasco -- Juan de Arona -- Ricardo Palma -- Lavalle -- Escritores secundarios -- Doña Juana Manuel Gorriti -- Llona -- J.V. Camacho -- Samuel Velarde -- González Prada -- Clorinda Matto de Turner -- Mercedes Cabello de Carbonera -- Ricardo Rossel -- La generación actual -- Consideraciones generales.
_g --
526 _aP136
526 _aP135
526 _aP134
526 _aP133
526 _aP144
526 _aP143
526 _aP87
526 _aP35
526 _aP20
526 _aP14
526 _aP10
526 _aP06
650 1 8 _aLiteratura Peruana
_xHistoria y crítica.
_92261
700 _aBelaúnde, Víctor Andrés,
_d1883-1966.
_92250
700 _aJiménez Borja, José,
_d1901-1982.
_92251
700 _aPacheco Vélez, César,
_d1929-1989.
_92252
700 _aCarrión Ordoñez, Enrique,
_d1934-2014.
_92253
700 _aUnamuno, Miguel de,
_d1864-1936.
_92254
710 _aPontificia Universidad Católica del Perú.
_92255
910 _ajck
942 _2ddc
_cBK
949 _a868 D34
_wDEWEY
_c1
_i04697
_lCCODEBUL1
_mBUL
_p16
_r0
_sY
_tBOOK
_u2015-04-21
_xEDUCACION
_zUNKNOWN
_0COMPRA
_o.STAFF. Colección Ciencias Humanas y Educación
980 _81
_gALBERTO SANCHEZ Responsable de Automatización
999 _c12661
_d12661